Data communications and computer networks : (Record no. 7081)

MARC details
000 -LEADER
fixed length control field 01161nam a2200217Ia 4500
020 ## - INTERNATIONAL STANDARD BOOK NUMBER
ISBN 0619015292
020 ## - INTERNATIONAL STANDARD BOOK NUMBER
ISBN 9780619015299
050 ## - CALL NUMBER
Classification number TK5105.5
Item number .W58
100 1# - AUTHOR
Personal name White, Curt M.
245 10 - TITLE
Title Data communications and computer networks :
Remainder of title a business user's approach /
Statement of responsibility, etc Curt M. White.
260 ## - PUBLICATION INFORMATION
Place of publication Cambridge, MA :
Name of publisher Course Technology, Thomson Learning,
Year of publication ©2001
300 ## - DESCRIPTION
Number of Pages xxiv, 496 pages :
Other physical details illustrations ;
Dimensions 29 cm +
Accompanying material 1 computer disc (5 1/4 in.)
500 ## - NOTES
General note "An accompanying interactive CD-ROM, tightly integrated with the book's content, provides eleven modules that make concepts come to life and allow interactive assessment"--P. [4] of cover.
500 ## - NOTES
General note "Excellence in information systems"--P. [1] of cover.
500 ## - NOTES
General note Includes index.
505 ## - FORMATTED CONTENTS NOTE
Table of Content Chapter 1: Introduction to Computer Networks and Data Communications Chapter 2: Fundamentals of Data and Signals Chapter 3: The Media - Conducted and Wireless Chapter 4: Interfacing and Modems Chapter 5: Multiplexing - Sharing a Medium. (Part contents).
650 #0 - SUBJECTS
Topical Term Computer networks.
650 #0 - SUBJECTS
Topical Term Data transmission systems.
650 #0 - SUBJECTS
Topical Term Industrial management.
942 ## - ADDED ENTRY ELEMENTS (KOHA)
Koha item type Books
Holdings
Withdrawn status Lost status Collection code Home library Current library Shelving location Date acquired Full call number Accession Number Koha item type
    Reference Methodist University Library Main Methodist University Library Main General Stacks   TK5105.5 .W58 37864 Books
    Reference Methodist University Library Main Methodist University Library Main General Stacks   TK5105.5 .W58 37863 Books
      Methodist University Library Main Methodist University Library Main General Stacks   TK5105.5 .W58 4522 Books
Copyright © 2026  MUG Library